000 00463nam a2200145 4500
999 _c11540
_d11540
008 181211b ||||| |||| 00| 0 eng d
022 _a 2094-8042
082 _aDPer 050 T48 Apr-June 2016 v. 187 n. 12-24
100 _933099
_aGarza, Alicia
245 _aKendrick Lamar:
_bhe moves us/
_cAlicia Garza.
260 _aHong Kong:
_bTime Asia,
_cc2016.
300 _av187 n16-17, page 61:
_billustrations;
_c2 7cm.
650 0 _933100
_aMusicians.
942 _2ddc
_cPER